00857nam a2200205 a 45000010005000000030005000050050017000100080041000270200015000680400026000832450125001092600032002343000010002664900024002765000226003006500049005266500035005756500026006107000015006364361CDMR20130718121540.0130130s2004||||sp |||||||||||||||||cat|d a8493335126 aCDMRbcatcCPC GIRONA 3aEl candidat davant el micròfonb: els polítics catalans parlen dels mitjans de comunicaciócArtur Mas ... [et. al] aBarcelonabTrípodosc2004 a93 p.0 aPapers d'Estudiv11 aTranscripció de les conferències pronunciades per Joan Saura, Josep-Lluís Carod-Rovira, Josep Piqué, Pasqual Maragall i Artur Mas a la Facultat de Ciències de la Comunicació Blanquerna durant el curs 2002-200304aMitjans de comunicació de massazCatalunya04aComunicació en la política04aCatalunyaxPolítica1 aMas, Artur